| 000 | 00837 a2200253 4500 | ||
|---|---|---|---|
| 003 | OSt | ||
| 005 | 20180116182732.0 | ||
| 008 | 160427b xxu||||| |||| 00| 0 eng d | ||
| 020 | _a0071227180 | ||
| 020 | _a9780071227186 | ||
| 040 | _c0 | ||
| 100 | 1 | _aRoss, Stephen A. | |
| 245 | 1 | 0 |
_aFundamentals of corporate finance, standard - with cd / _cStephen A. Ross. |
| 250 | _asixth ed. | ||
| 260 | _c2003 | ||
| 300 | _a1 v. (unpaged) | ||
| 490 | 1 | _aInternational edition. | |
| 500 | _aPaperback. | ||
| 520 | _aPaperback McGraw-Hill Companies, The January 2003. | ||
| 830 | 0 | _aInternational edition. | |
| 856 | 4 | 0 |
_3Amazon.com _uhttp://www.amazon.com/exec/obidos/ASIN/0071227180/chopaconline-20 |
| 856 | 4 | 0 |
_3Amazon customer reviews _uhttp://www.chopac.org/cgi-bin/tools/azrev.pl?q=0071227180 |
| 942 |
_aNBS _cBK _k658.15 ROS _2ddc |
||
| 999 |
_c345085 _d345085 |
||